| 000 | 01170nam a22003617a 4500 | ||
|---|---|---|---|
| 001 | 3735591 | ||
| 003 | OSt | ||
| 005 | 20210426120052.0 | ||
| 008 | 820511s1982 mauaf b 001 0aeng | ||
| 010 | _a 81086320 | ||
| 020 | _a0316285919 | ||
| 040 |
_aDLC _cDLC _dDLC _beng |
||
| 041 | _aeng | ||
| 043 | _an-us--- | ||
| 050 | 0 | 0 |
_aE840.8.K58 _bA38 |
| 080 |
_a92 _bK-49 |
||
| 082 | 0 | 0 |
_a973.924/092/4 _219 |
| 100 | 1 |
_aKissinger, Henry, _d1923- |
|
| 245 | 1 | 0 |
_aYears of upheaval / _cHenry Kissinger. _b/ by: Little, Brown and Company |
| 250 | _a1st edition | ||
| 260 |
_aBoston _bLittle, Brown and Company _cc1982. |
||
| 300 |
_axxi, 1283 p., [40] p. of plates _bill. _c25 cm. |
||
| 365 | _b24.95 usd | ||
| 504 | _aIncludes bibliographical references and index. | ||
| 600 | 1 | 0 |
_aKissinger, Henry, _d1923- |
| 650 | 0 |
_aStatesmen _zUnited States _xBiography. |
|
| 650 | 0 |
_aBiography _9237 |
|
| 651 | 0 |
_aUnited States _xForeign relations _y1969-1974. |
|
| 653 | _aბიოგრაფია | ||
| 653 | _aსაერთაშორისო ურთიერთობები | ||
| 906 |
_a7 _bcbc _corignew _d2 _eopcn _f19 _gy-gencatlg |
||
| 942 |
_2udc _cBK _e1 |
||
| 999 |
_c1027 _d1027 |
||